00910nam a2200193 a 450000100100000000500170001000800410002702000180006804000250008610000390011124500730015026000510022330000360027450000620031095201110037295201050048395201110058899900170069900001340920200929163225.0091124s2012 dr ac 000 0 spa d a9789945430134 aDO-SdBNPbspacBNPHU1 aVásquez Romero, José L.93065810aFundamentos de antropología general /cJosé L. Vásquez Romero. aSanto Domingo, :bImpresos la Escalera,c2012. a361 p. :bil., retrs. ;c28 cm. aIncluye datos biografícos del autor en la contraportada 0010718DSaGRbGRcHDd2009-11-24iLF1l0o p13409-30r2020-06-25te. 3w2020-06-25yLFDSZNo se presta 0010718PDaPDbPDcHDd2009-11-24iLF1l0o p13409-10r2020-06-25w2020-06-25yLFPDZNo se presta 0010718PDaPDbPDcHDd2009-11-24iLF1l0o p13409-20r2020-06-25te. 2w2020-06-25yLFPDZNo se presta c13035d13035